Colección de los mas preciosos adelantamientos de la medicina en estos últimos tiempos (Record no. 98763)

MARC details
000 -LEADER
campo de control de longitud fija 00808nam a2200205 i 4500
001 - NÚMERO DE CONTROL
campo de control 98763
003 - IDENTIFICADOR DE NÚMERO DE CONTROL
campo de control ES-MaACL
005 - FECHA Y HORA DE LA ÚLTIMA TRANSACCIÓN
campo de control 20250724015103.0
007 - CAMPO FIJO DE DESCRIPCIÓN FÍSICA--INFORMACIÓN GENERAL
campo de control de longitud fija t|
008 - DATOS DE LONGITUD FIJA--INFORMACIÓN GENERAL
campo de control de longitud fija 051024s1766 sp ||||1| spa d
080 ## - NÚMERO DE LA CLASIFICACIÓN DECIMAL UNIVERSAL
Número de la Clasificación Decimal Universal 61(035.3)"17"
100 1# - ENTRADA PRINCIPAL--NOMBRE DE PERSONA
Nombre de persona Ellerker, Rafael.
9 (RLIN) 47023
245 10 - MENCIÓN DEL TÍTULO
Título Colección de los mas preciosos adelantamientos de la medicina en estos últimos tiempos
Resto del título : dividida en fragmentos.
Número de parte o sección de la obra , . Fragmento II /
Mención de responsabilidad, etc. por Raphael Ellerker ... y Manuel Fernández Barea.
260 ## - PUBLICACIÓN, DISTRIBUCIÓN, ETC.
Lugar de publicación, distribución, etc. En Málaga :
Nombre del editor, distribuidor, etc. en la Oficina de Francisco Martínez de Aguilar,
Fecha de publicación, distribución, etc. 1766.
300 ## - DESCRIPCIÓN FÍSICA
Extensión 113 p. ;
Dimensiones 20 cm.
650 14 - PUNTO DE ACCESO ADICIONAL DE MATERIA--TÉRMINO DE MATERIA
Término de materia o nombre geográfico como elemento de entrada Medicina-
Subdivisión de forma Obras anteriores a 1800
9 (RLIN) 14912
700 1# - ENTRADA AGREGADA--NOMBRE PERSONAL
Nombre de persona Fernández Barea, Manuel.
9 (RLIN) 49501
852 ## - LOCALIZACIÓN
Ubicación ES-MaACL
Número de control de estantería R-3431(8)
Holdings
Estatus retirado Estado de pérdida Estado de daño No para préstamo Colección Biblioteca de origen Biblioteca actual Ubicación en estantería Fecha de adquisición Fuente de adquisición Total de préstamos Signatura topográfica completa Código de barras Visto por última vez Precio de reemplazo Tipo de ítem Koha
        Libros del s. XVIII Biblioteca del Ateneo de Madrid Biblioteca del Ateneo de Madrid Depósito 17/01/2008     R-3431(8) 1103118 23/02/2023 23/02/2023 Libro impreso antiguo